LEADER 01172nas 2200397 c 450 001 9910145332103321 005 20260218111816.0 024 8 $aKir1224 024 8 $aVD18 90121465 035 $a(CKB)1000000000395875 035 $a(DE-599)ZDB2380447-6 035 $a(OCoLC)477057870 035 $a(DE-101)985168838 035 $a(DE-599)2380447-6 035 $a(EXLCZ)991000000000395875 100 $a20070730b17901792 |y | 101 0 $ager 135 $aur||||||||||| 181 $ctxt$2rdacontent 182 $cc$2rdamedia 183 $acr$2rdacarrier 200 00$aAnnalen der Geographie und Statistik$fhrsg. von E. A. W. Zimmermann 210 31$aBraunschweig$cZimmermann$aLeipzig$cCrusius$d1790-1792 215 $aOnline-Ressource 517 1 $aAnnalen der geographischen und statistischen Wissenschaften 608 $aZeitschrift$2gnd-content 676 $a910 676 $a310 702 $aZimmermann$b Eberhard August Wilhelm ˜vonœ$f1743-1815$4ctb 801 0$b0361 801 1$bDE-101 801 2$b0012 906 $aJOURNAL 912 $a9910145332103321 996 $aAnnalen der Geographie und Statistik$92196853 997 $aUNINA